El sentido de la evolución
محفوظ في:
| المؤلف الرئيسي: | |
|---|---|
| التنسيق: | كتاب |
| اللغة: | الإسبانية |
| منشور في: |
Buenos Aires
EUDEBA
1963
|
| الطبعة: | 2a. ed |
| سلاسل: | Lectores de EUDEBA, 5
|
| الموضوعات: | |
| الوسوم: |
إضافة وسم
لا توجد وسوم, كن أول من يضع وسما على هذه التسجيلة!
|
MARC
| LEADER | 00000nam a2200000 a 4500 | ||
|---|---|---|---|
| 001 | UCP2955 | ||
| 003 | CL-VaPUC | ||
| 008 | 990604e19630000AG |||||||||||||||||spa|d | ||
| 082 | 0 | 4 | |a 575.01 |b SIM |2 21 |
| 100 | 0 | |a Simpson, George Gaylord |e author |9 429993 | |
| 245 | 1 | 3 | |a El sentido de la evolución |
| 250 | |a 2a. ed | ||
| 300 | |a 319 p | ||
| 942 | |c BK | ||
| 945 | |d 19990604 00:00:00 |a lriquelm | ||
| 260 | |a Buenos Aires |b EUDEBA |c 1963 | ||
| 650 | 0 | |a Evolución |9 259442 | |
| 650 | 0 | |a Biología |9 262022 | |
| 650 | 0 | |a Adaptación biológica |9 337262 | |
| 650 | 7 | |a SOCIOBIOLOGIA |2 CL-VaPUC |9 357345 | |
| 650 | 0 | |a Vida |9 266033 | |
| 650 | 0 | |a Muerte |9 265114 | |
| 650 | 0 | |a Naturaleza |9 269656 | |
| 650 | 0 | |a Ética |9 255099 | |
| 650 | 7 | |a CONOCIMIENTO |2 CL-VaPUC |9 308991 | |
| 650 | 7 | |a HOMBRE |2 CL-VaPUC |9 262149 | |
| 583 | |a last modification |c 19990604 00:00:00 |k Rodrigo Vera | ||
| 490 | 0 | |a Lectores de EUDEBA, 5 | |
| 999 | |c 281412 |d 281410 | ||
| 952 | |0 0 |1 0 |4 0 |6 575_010000000000000_SIM_1963 |7 0 |8 A |9 322145 |a BIBHIS |b BIBHIS |d 2019-11-20 |i 1361309 |o 575.01 SIM 1963 |p 1361309 |r 2025-01-20 |w 2019-11-20 |y BK |k HIS | ||